000
00220 a2200097 4500
001
43303
100
_a
Bayliss
245
_a
Junior one act plays of today
260
_a
London
_b
George guttural
_c
090
_c
27142
_d
27142
942
_a
NUST-CAE
_c
M
_c
19050
999
_c
278376
_d
278376